The micro revolution : (Record no. 176139)
[ view plain ]
| 000 -LEADER | |
|---|---|
| fixed length control field | 00835 a2200217 4500 |
| 003 - CONTROL NUMBER IDENTIFIER | |
| control field | Nust |
| 005 - DATE AND TIME OF LATEST TRANSACTION | |
| control field | 20230516100450.0 |
| 010 ## - LIBRARY OF CONGRESS CONTROL NUMBER | |
| LC control number | 81002989 |
| 020 ## - INTERNATIONAL STANDARD BOOK NUMBER | |
| International Standard Book Number | 0876633610 : |
| 020 ## - INTERNATIONAL STANDARD BOOK NUMBER | |
| International Standard Book Number | 0876635605 (pbk.) : |
| 040 ## - CATALOGING SOURCE | |
| Transcribing agency | Nust |
| 082 00 - DEWEY DECIMAL CLASSIFICATION NUMBER | |
| Classification number | 001.6404,LAU |
| 100 1# - MAIN ENTRY--PERSONAL NAME | |
| Personal name | Laurie, Peter, |
| 9 (RLIN) | 112350 |
| 245 14 - TITLE STATEMENT | |
| Title | The micro revolution : |
| Remainder of title | living with computers / |
| Statement of responsibility, etc. | Peter Laurie. |
| 260 ## - PUBLICATION, DISTRIBUTION, ETC. | |
| Place of publication, distribution, etc. | New York : |
| Name of publisher, distributor, etc. | Universe Books, |
| Date of publication, distribution, etc. | 1981. |
| 300 ## - PHYSICAL DESCRIPTION | |
| Extent | 225 p. : |
| Other physical details | ill. ; |
| Dimensions | 22 cm. |
| 505 ## - FORMATTED CONTENTS NOTE | |
| Formatted contents note | Introduction (Page-7), Data (Page-27), Internals (Page-45), Chips (Page-64), Memory Devices (Page-74), Inputs and Outputs (Page-82), Software (Page-95), Systems (Page-140), Data highways (Page-167), Though on Chips (Page-179). |
| 650 #0 - SUBJECT ADDED ENTRY--TOPICAL TERM | |
| Topical term or geographic name entry element | Computers and civilization. |
| 9 (RLIN) | 14116 |
| 650 #0 - SUBJECT ADDED ENTRY--TOPICAL TERM | |
| Topical term or geographic name entry element | Microcomputers. |
| 9 (RLIN) | 8096 |
| 942 ## - ADDED ENTRY ELEMENTS (KOHA) | |
| Source of classification or shelving scheme | |
| Koha item type | Book Bank |
| Call number prefix | 001.6404,LAU |
| Withdrawn status | Lost status | Source of classification or shelving scheme | Damaged status | Not for loan | Permanent Location | Current Location | Shelving location | Date acquired | Full call number | Barcode | Date last seen | Price effective from | Koha item type | Public note |
|---|---|---|---|---|---|---|---|---|---|---|---|---|---|---|
| Military College of Signals (MCS) | Military College of Signals (MCS) | General Stacks | 12/12/2016 | 001.6404,LAU | MCS3413 | 12/08/2016 | 12/12/2016 | Book | Almirah No.79, Shelf No.1 |
